|
|
|
|
| LEADER |
00000naa a2200000uu 4500 |
| 001 |
vtls011056969 |
| 003 |
SK-MaSNL |
| 005 |
20260302113810.0 |
| 008 |
210907|2000 xo |||||||||||||||||eng| |
| 015 |
|
|
|a SNBRA
|
| 035 |
|
|
|a (urnnbn)urn:nbn:sk:snk:ar-a0bzg8
|
| 035 |
|
|
|a (uuid)9031fa78-6662-4942-9d6b-36bb1e856619
|
| 035 |
|
|
|a urn:nbn:sk:snk-aav625
|
| 040 |
|
|
|a SNKBUCL
|b slo
|c SNKBUCL
|e AACR2
|
| 041 |
0 |
|
|a eng
|
| 044 |
|
|
|a xo
|c SK
|
| 100 |
1 |
|
|a Mocartas, Jonas
|4 aut
|9 794850
|
| 245 |
1 |
0 |
|a Lithuania
|c Jonas Mocartas, Valdas Vaièûnas
|
| 700 |
1 |
|
|a Vaièûnas, Valdas
|4 aut
|9 794851
|
| 773 |
0 |
|
|t Seminar on recent institutional developments in the forestry sector in central and eastern European countries, Banská Štiavnica, 2-5 December 1999
|d Zvolen : Forest Research Institute, 2000
|g S. 77-88
|z 8088853311
|
| 958 |
|
|
|a OND
|
| 958 |
|
|
|a article12
|
| 958 |
|
|
|a chapter
|
| 999 |
|
|
|c 1257129
|d 1259059
|